00921nam a2200169 a 4500008004100000050001400041100002200055245004600077260002500123300002200148350000900170995014900179995014000328999001700468952013300485952013300618120416s1987 ||||||||||||||||| || u aT 355 Mol aMolnar, John P. E10aBuilding construction drafting and design aNew DelhibCBSc1987 axii, 244p. : ill. a0.00 aMAIN LIBRARY OPEN ACCESSD0.00e724407FCBU-MAIN LIBRARY (Kitwe)H3I70.00jT 355 MolM1UAVAILABLEy013733ZMain Library Open Access Collection aBINDERY (DAMAGED)D0.00e724406FCBU-MAIN LIBRARY (Kitwe)H2I70.00jT 355 MolM2UDAMAGEDy013734ZMain Library Open Access Collection c77785d77785 00102lcc4070a001b001cMain Library Open Access Collectiond2023-05-03l0oT 355 Molp013733r2023-05-03t1w2023-05-03y002 00102lcc4070a001b001cMain Library Open Access Collectiond2023-05-03l0oT 355 Molp013734r2023-05-03t2w2023-05-03y002